Catálogo

Las revoluciones hispanoamericanas : (Registro nro. 28095)

Detalles MARC
000 -LEADER
fixed length control field 01271cam a2200361 i 4500
001 - CONTROL NUMBER
control field 28095
003 - CONTROL NUMBER IDENTIFIER
control field Mx-PuUPA
005 - DATE AND TIME OF LATEST TRANSACTION
control field 20251103144250.0
008 - FIXED-LENGTH DATA ELEMENTS--GENERAL INFORMATION
fixed length control field 140415s2001 sp gr 001 0 spa d
017 ## - COPYRIGHT OR LEGAL DEPOSIT NUMBER
Copyright or legal deposit number B. 14.103 - 2001
020 ## - INTERNATIONAL STANDARD BOOK NUMBER
International Standard Book Number 8434465078
040 ## - CATALOGING SOURCE
Transcribing agency Mx-PuUPA
Original cataloging agency Mx-PuUPA
Language of cataloging spa
Modifying agency Mx-PuUPA
Description conventions rda
041 1# - LANGUAGE CODE
Language code of text/sound track or separate title spa
Language code of original eng
043 ## - GEOGRAPHIC AREA CODE
Geographic area code cl-----
100 1# - MAIN ENTRY--PERSONAL NAME
Personal name Lynch, John,
Dates associated with a name 1927-
9 (RLIN) 8953
Relator term autor
240 14 - UNIFORM TITLE
Uniform title The Spanish American Revolution, 1808-1826.
Language of a work Español
245 10 - TITLE STATEMENT
Title Las revoluciones hispanoamericanas :
Remainder of title 1808-1826/
Statement of responsibility, etc. John Lynch ; Javier Alfaya y Barbara McShane, traducción
250 ## - EDITION STATEMENT
Edition statement 8a. edición /
Remainder of edition statement marzo
250 ## - EDITION STATEMENT
Edition statement Nueva edición ampliada y puesta al día
264 #1 - PRODUCTION, PUBLICATION, DISTRIBUTION, MANUFACTURE, AND COPYRIGHT NOTICE
Place of production, publication, distribution, manufacture Barcelona, España :
Name of producer, publisher, distributor, manufacturer Editorial Ariel,
Date of production, publication, distribution, manufacture, or copyright notice 2001
300 ## - PHYSICAL DESCRIPTION
Extent 382 páginas ;
Other physical details 23 cm
336 ## - CONTENT TYPE
Fuente rdacontent
Content type term texto
Content type code txt
337 ## - MEDIA TYPE
Source rdamedia
Media type term sin medio
Media type code n
338 ## - CARRIER TYPE
Source rdacarrier
Carrier type term volumen
Carrier type code nc
490 0# - SERIES STATEMENT
Series statement Ariel Historia
651 #4 - SUBJECT ADDED ENTRY--GEOGRAPHIC NAME
Geographic name América Latina
General subdivision Historia
-- Guerra de Independencia
Chronological subdivision 1806-1830
700 1# - ADDED ENTRY--PERSONAL NAME
Personal name Alfaya, Javier,
Relator term traductor
9 (RLIN) 2170
700 1# - ADDED ENTRY--PERSONAL NAME
Personal name McShane, Barbara,
Relator term traductor
942 ## - ADDED ENTRY ELEMENTS (KOHA)
Source of classification or shelving scheme Dewey Decimal Classification
Koha item type Libro
Classification part 980.02
Item part L8718
Existencias
Withdrawn status Lost status Source of classification or shelving scheme Damaged status Not for loan Collection code Home library Current library Shelving location Date acquired Source of acquisition Cost, normal purchase price Total Checkouts Full call number Barcode Date last seen Cost, replacement price Price effective from Koha item type
    Dewey Decimal Classification     General Biblioteca Karol Wojtyla Biblioteca Karol Wojtyla Sala general 03/12/2013 Donación 0.00   980.02 L8718 2001 49183 05/01/2026 0.00 03/12/2013 Libro